1976 1649 1462 1018 1955 1888 1429 1228 1083 1231 1822 1012 1730 1982 1412 1298 1552 1639 1414 1545 1080 1365 1958 1789 1643 1377 1544 1799 1834 1972 1458 1633 1217 1024 1928 2000 1000 1519 1959 1999 1326 1066 1766 1145 1646 1845 1387 1113 1748 1235 1707 1685 1600 1666 1511 1160 1039 1708 1090 1404 1971 1840 1725 1961 1091 1148 1431 1507 1036 1589 1836 1384 1975 1680 1945 1802 1332 1272 1596 1530 1429 1487 1511 1891 1165 1093 1228 1877 1569 1269 1641 1429 1714 1031 1935 1998 1239 1223 1477 BCNSPRNW ULIB Ver.6.0+V

เปลี่ยนเป็นภาษาไทย

Change to English
 แสดงรายละเอียดบรรณานุกรม
  กลับหน้าหลัก

Brief Record : Get Marc (ISO 2709) : E-mail record : QR code < ปิดหน้าต่าง
LEADER : 00000nam 2200000uu 4500
001    13399112567
003     ULIB
008    110825s2543||||th 000 0 tha d
050 04 HQ769^bป754ร 2543
100 0  ปัญญานันทะภิกขุ
245 10 รักลูกให้ถูกทาง /^cภิกขุปัญญานันทะมุนี
260    นนทบุรี :^bกองทุนปัญญานันทธรรม,^c[2543]
300    250 หน้า :^bภาพประกอบ
650  7 เด็ก^xการดูแล
650  7 จิตวิทยาเด็ก
650  7 ธรรมะ
710 20 กองทุนปัญญานันทธรรม
945    ^p0^l0^i012497
995    ทศพร
999 ^a ใช้งานได้ทุกระบบ
รายการนี้ยังไม่มีแท็ก
คุณยังไม่ได้ล็อกอิน คุณสามารถมีกิจกรรมร่วมกับเว็บไซต์ได้ แต่ต้องล็อกอินก่อน ::
  ล็อกอิน

รายการสื่อสารสนเทศ

ลำดับที่ ประเภท เลขเรียก/บาร์โค้ด สถานที่ สถานะ
- ไม่พบข้อมูล -

รายการใกล้เคียง
    หัวเรื่อง [เด็ก การดูแล]
    หัวเรื่อง [จิตวิทยาเด็ก]
    หัวเรื่อง [ธรรมะ]

BibComment


ยังไม่เคยถูกคอมเมนท์

คอมเมนท์ทรัพยากรรายการนี้
  คอมเมนท์: รักลูกให้ถูกทาง ..


 Copyright 2026. Bcnsprnw @Library